000
00501nam a2200181Ia 4500
008
090124s9999 xx 000 0 und d
082
_b
119515
100
_a
भारद्वाज मंदाकिनी
245
_a
भुरळ
250
_a
1
260
_c
1983
300
_a
187
600
_a
भारद्वाज मंदाकिनी
630
_a
भुरळ
700
_a
भारद्वाज मंदाकिनी
730
_a
भुरळ
942
_c
BOOK
999
_c
165601
_d
165601